000
00229nam a22000857a 4500
008
231204b |||||||| |||| 00| 0 eng d
100
_a
Sharma.R.D
245
_a
MCQs in Mathematics
260
_a
New Delhi
_b
Dhanpat Rai Publications
_c
2023
999
_c
12480
_d
12480